[Event "Eurasia Cup op"]
[Site "Ekaterinburg"]
[Date "2019.08.08"]
[Round "8"]
[White "Anchutin, Nikita"]
[Black "Yadigarov, Aivaz"]
[Result "1-0"]
[WhiteElo "2216"]
[BlackElo "1938"]
[PlyCount "58"]
[EventDate "2019.07.31"]
[EventType "swiss"]
[EventRounds "9"]
[EventCountry "RUS"]
[SourceTitle "CBM 191 Extra"]
[Source "ChessBase"]
[SourceDate "2019.09.30"]
[SourceVersion "1"]
[SourceVersionDate "2019.09.30"]
[SourceQuality "1"]

1. d4 Nf6 2. Bg5 g6 3. Bxf6 exf6 4. e3 Bg7 5. g3 0-0 6. Bg2 d6 7. Ne2 Nd7 8. 0-0 f5 9. c4 c6 10. Nbc3 Nf6 11. b4 Qc7 12. Qd3 Re8 13. b5 Ne4 14. Rab1 c5 15. Nd5 Qd8 16. Rfc1 b6 17. Nec3 Bb7 18. Nxe4 Bxd5 19. Nf6+ Qxf6 20. Bxd5 Rac8 21. Bc6 Red8 22. Bd5 h5 23. a4 h4 24. a5 hxg3 25. hxg3 Re8 26. axb6 axb6 27. Ra1 f4 28. exf4 cxd4 29. Ra6 Rb8 1-0

[Event "Nezhmetdinov Memorial 40th"]
[Site "Kazan"]
[Date "2018.09.19"]
[Round "7"]
[White "Sadykov, Ramil"]
[Black "Anchutin, Nikita"]
[Result "1-0"]
[WhiteElo "2364"]
[BlackElo "2221"]
[PlyCount "51"]
[EventDate "2018.09.13"]
[EventType "swiss"]
[EventRounds "9"]
[EventCountry "RUS"]
[SourceTitle "CBM 186 Extra"]
[Source "ChessBase"]
[SourceDate "2018.08.24"]
[SourceVersion "1"]
[SourceVersionDate "2018.08.24"]
[SourceQuality "1"]

1. e4 c5 2. Nf3 e6 3. d4 cxd4 4. Nxd4 a6 5. Bd3 Bc5 6. Nb3 Be7 7. Qg4 g6 8. Qe2 d6 9. 0-0 Nc6 10. a4 Bf6 11. c3 Bg7 12. Be3 Nf6 13. N1d2 0-0 14. a5 e5 15. Rfd1 Be6 16. Bc4 Qe7 17. f3 Rad8 18. Bxe6 fxe6 19. Nc4 Rf7 20. Bb6 Rd7 21. Rxd6 Rxd6 22. Bc5 Ne8 23. Nxd6 Nxd6 24. Rd1 Nd4 25. cxd4 exd4 26. e5 1-0

[Event "Nezhmetdinov Memorial 40th"]
[Site "Kazan"]
[Date "2018.09.18"]
[Round "6"]
[White "Anchutin, Nikita"]
[Black "Garmash, Aliona"]
[Result "1-0"]
[WhiteElo "2221"]
[BlackElo "2067"]
[PlyCount "65"]
[EventDate "2018.09.13"]
[EventType "swiss"]
[EventRounds "9"]
[EventCountry "RUS"]
[SourceTitle "CBM 186 Extra"]
[Source "ChessBase"]
[SourceDate "2018.08.24"]
[SourceVersion "1"]
[SourceVersionDate "2018.08.24"]
[SourceQuality "1"]

1. d4 Nf6 2. Bg5 Ne4 3. Bf4 c5 4. f3 Nf6 5. dxc5 Qa5+ 6. Nc3 Qxc5 7. e4 d6 8. Qd2 Bd7 9. 0-0-0 Qa5 10. Kb1 Nc6 11. Bc4 g6 12. Bb3 Bg7 13. g4 Rf8 14. Nge2 0-0-0 15. h4 h5 16. gxh5 Nxh5 17. Be3 Kb8 18. Rhg1 Rc8 19. f4 Be8 20. Qe1 Rh8 21. Qf2 Bh6 22. Rd5 Qd8 23. e5 Ng7 24. exd6 exd6 25. Nb5 Nf5 26. Bxa7+ Ka8 27. Bb6 Qe7 28. Nbd4 Nxh4 29. Nxc6 Rxc6 30. Qd4 Rxb6 31. Qxb6 Bg7 32. Ra5+ Kb8 33. Bd5 1-0

[Event "Voronezh op-A 21st"]
[Site "Voronezh"]
[Date "2017.06.12"]
[Round "1"]
[White "Anchutin, Nikita"]
[Black "Tran, Tuan Minh"]
[Result "1/2-1/2"]
[WhiteElo "2282"]
[BlackElo "2541"]
[PlyCount "86"]
[EventDate "2017.06.12"]
[EventType "swiss"]
[EventRounds "9"]
[EventCountry "RUS"]
[SourceTitle "CBM 179 Extra"]
[Source "ChessBase"]
[SourceDate "2017.08.23"]
[SourceVersion "1"]
[SourceVersionDate "2017.08.23"]
[SourceQuality "1"]

1. d4 Nf6 2. Nf3 e6 3. c4 b6 4. g3 Bb7 5. Bg2 Be7 6. 0-0 0-0 7. Nc3 Ne4 8. Bd2 c5 9. d5 exd5 10. cxd5 Nxd2 11. Nxd2 d6 12. a4 Na6 13. e4 Bf6 14. Nc4 Nc7 15. Re1 Ba6 16. Na3 Qd7 17. Qb3 g6 18. Ncb5 Bxb5 19. axb5 Rfe8 20. Bf1 Re7 21. Nb1 Ne8 22. Nd2 Rb8 23. Kg2 Bg7 24. Bd3 Nf6 25. f4 h5 26. Nf3 Rbe8 27. Qc2 Qc8 28. Qc4 Qb7 29. Re2 Kh8 30. Rae1 Qd7 31. b3 Kg8 32. Qc2 Qb7 33. Bc4 Kf8 34. Qd3 Ng4 35. h3 Nh6 36. Qc2 Qb8 37. Qd3 Qb7 38. Kh2 Qd7 39. Re3 Kg8 40. R3e2 Kh8 41. e5 Qd8 42. e6 f5 43. Kg2 Bf6 1/2-1/2

[Event "Moscow op-A 13th"]
[Site "Moscow"]
[Date "2017.01.30"]
[Round "3"]
[White "Tsydypov, Zhamsaran"]
[Black "Anchutin, Nikita"]
[Result "1-0"]
[WhiteElo "2468"]
[BlackElo "2168"]
[PlyCount "61"]
[EventDate "2017.01.28"]
[EventType "swiss"]
[EventRounds "9"]
[EventCountry "RUS"]
[SourceTitle "CBM 176 Extra"]
[Source "ChessBase"]
[SourceDate "2017.03.02"]
[SourceVersion "1"]
[SourceVersionDate "2017.03.02"]
[SourceQuality "1"]

1. e4 c5 2. Nf3 e6 3. d4 cxd4 4. Nxd4 a6 5. Bd3 Bc5 6. Nb3 Be7 7. 0-0 d6 8. Qg4 Bf6 9. N1d2 Nd7 10. f4 Ne7 11. Nc4 Qc7 12. a4 d5 13. Ncd2 dxe4 14. Nxe4 0-0 15. Qh3 Nd5 16. Bd2 h6 17. g4 Bxb2 18. Ra2 Bf6 19. g5 Be7 20. gxh6 g6 21. Qg2 Nc5 22. Nbxc5 Bxc5+ 23. Kh1 Bd4 24. c3 Bh8 25. h7+ Kxh7 26. c4 Nf6 27. Bc3 Nh5 28. Ng5+ Kg8 29. Nxf7 Rxf7 30. Qxg6+ Rg7 31. Qe8# 1-0

[Event "Samara Polugaevsky Memorial 6th"]
[Site "Samara"]
[Date "2016.07.11"]
[Round "9"]
[White "Anchutin, Nikita"]
[Black "Lipatov, Vladislav"]
[Result "1/2-1/2"]
[WhiteElo "2061"]
[BlackElo "2176"]
[PlyCount "58"]
[EventDate "2016.07.03"]
[EventType "swiss"]
[EventRounds "9"]
[EventCountry "RUS"]
[SourceTitle "EXT 2019"]
[Source "ChessBase"]
[SourceDate "2018.10.10"]
[SourceVersion "1"]
[SourceVersionDate "2018.10.10"]
[SourceQuality "1"]

1. d4 d5 2. Nf3 Nf6 3. c4 dxc4 4. Nc3 c6 5. a4 Bf5 6. e3 Nbd7 7. Bxc4 e6 8. 0-0 Bd6 9. Qe2 Ne4 10. Nxe4 Bxe4 11. Nd2 Bg6 12. f4 Nb6 13. e4 Bb4 14. f5 Qxd4+ 15. Rf2 Bxd2 16. fxg6 hxg6 17. Bxe6 fxe6 18. Qxd2 0-0-0 19. Qxd4 Rxd4 20. Be3 Rd7 21. Rc2 Kb8 22. a5 Nc8 23. a6 Rhd8 24. Kf2 Rf8+ 25. Ke2 Rdf7 26. b4 Ne7 27. Bc5 Nc8 28. Be3 Ne7 29. Bc5 Nc8 1/2-1/2

[Event "Moscow op-A"]
[Site "Moscow"]
[Date "2016.02.01"]
[Round "3"]
[White "Anchutin, Nikita"]
[Black "Solovjev, Nikolay1"]
[Result "1/2-1/2"]
[WhiteElo "2098"]
[BlackElo "2332"]
[PlyCount "83"]
[EventDate "2016.01.30"]
[EventType "swiss"]
[EventRounds "9"]
[EventCountry "RUS"]
[SourceTitle "CBM 170 Extra"]
[Source "ChessBase"]
[SourceDate "2016.02.25"]
[SourceVersion "1"]
[SourceVersionDate "2016.02.25"]
[SourceQuality "1"]

1. d4 Nf6 2. c4 g6 3. Nf3 Bg7 4. g3 0-0 5. Bg2 c6 6. 0-0 d6 7. Nc3 Qb6 8. e4 Bg4 9. Rb1 Qa6 10. b3 b5 11. cxb5 cxb5 12. b4 Rc8 13. Qd3 Nc6 14. Be3 e5 15. dxe5 Nxe5 16. Nxe5 dxe5 17. a4 Bf8 18. Rfc1 Bd7 19. Bf1 Qb7 20. axb5 Be6 21. Bg2 Bc4 22. Qd2 Rd8 23. Qb2 Nxe4 24. Bc5 Bg7 25. Ra1 Nf6 26. Ra5 Nd7 27. Rca1 Nb6 28. Na4 Rac8 29. Rxa7 Nxa4 30. R7xa4 Qxb5 31. Ra5 Qc6 32. h3 Bd3 33. Re1 Rb8 34. Qa2 Rd7 35. Ra7 Rbd8 36. Qa5 Bf6 37. Rxd7 Rxd7 38. Rd1 Bd8 39. Qa1 Qe6 40. Qc3 Bb5 41. Rxd7 Bxd7 42. Qd3 1/2-1/2

[Event "Moscow op-A"]
[Site "Moscow"]
[Date "2016.01.30"]
[Round "1"]
[White "Golubev, Roman"]
[Black "Anchutin, Nikita"]
[Result "1/2-1/2"]
[WhiteElo "2365"]
[BlackElo "2098"]
[PlyCount "99"]
[EventDate "2016.01.30"]
[EventType "swiss"]
[EventRounds "9"]
[EventCountry "RUS"]
[SourceTitle "CBM 170 Extra"]
[Source "ChessBase"]
[SourceDate "2016.02.25"]
[SourceVersion "1"]
[SourceVersionDate "2016.02.25"]
[SourceQuality "1"]

1. e4 c5 2. Nf3 d6 3. d4 cxd4 4. Nxd4 Nf6 5. Nc3 a6 6. h3 e5 7. Nde2 h5 8. Bg5 Be6 9. g3 Nc6 10. Bg2 Be7 11. a4 Rc8 12. 0-0 0-0 13. Qd2 Nh7 14. Be3 Nf6 15. Rfd1 Qc7 16. Bg5 Rfd8 17. Nd5 Bxd5 18. exd5 Na5 19. b3 b6 20. Rac1 Nb7 21. f4 Nc5 22. fxe5 Nfe4 23. Qb4 Nxg5 24. h4 Nh7 25. Bh3 dxe5 26. Bxc8 Rxc8 27. Qc4 Bd6 28. b4 Nxa4 29. Qxa6 Nb2 30. Rf1 Nc4 31. c3 Ne3 32. Rf3 Nxd5 33. Rd3 Nhf6 34. Rcd1 Bxb4 35. cxb4 Nxb4 36. Qxc8+ Qxc8 37. Rd8+ Qxd8 38. Rxd8+ Kh7 39. Nc3 Kg6 40. Rd6 Kf5 41. Rxb6 Nbd5 42. Nxd5 Nxd5 43. Rb7 Kg6 44. Kf2 Nf6 45. Rb6 Kf5 46. Rb7 Ng4+ 47. Kg2 Kf6 48. Rb5 Kf5 49. Rb7 Ke6 50. Rb6+ 1/2-1/2

[Event "Samara Polugaevsky Memorial 5th"]
[Site "Samara"]
[Date "2015.07.10"]
[Round "8"]
[White "Musakaev, Emil"]
[Black "Anchutin, Nikita"]
[Result "1-0"]
[WhiteElo "2403"]
[BlackElo "2090"]
[PlyCount "53"]
[EventDate "2015.07.03"]
[EventType "swiss"]
[EventRounds "9"]
[EventCountry "RUS"]
[SourceTitle "EXT 2017"]
[Source "ChessBase"]
[SourceDate "2016.10.25"]
[SourceVersion "1"]
[SourceVersionDate "2016.10.25"]
[SourceQuality "1"]

1. e4 c5 2. Nf3 d6 3. d4 cxd4 4. Nxd4 Nf6 5. Nc3 a6 6. Bg5 e6 7. Qd3 Qc7 8. f4 Nbd7 9. 0-0-0 b5 10. a3 Bb7 11. Qh3 Be7 12. Bd3 Rc8 13. Rhe1 Nc5 14. Bxf6 Bxf6 15. Bxb5+ Nd7 16. e5 Be7 17. exd6 Qxd6 18. Nxe6 Qxd1+ 19. Rxd1 axb5 20. Nxg7+ Kf8 21. Rxd7 Bc6 22. Rxe7 Kxe7 23. Nf5+ Kf6 24. Qh6+ Kxf5 25. g4+ Kxg4 26. Qg5+ Kf3 27. Qg3# 1-0

[Event "Samara Polugaevsky Memorial 5th"]
[Site "Samara"]
[Date "2015.07.05"]
[Round "3"]
[White "Anchutin, Nikita"]
[Black "Smirnov, Timofey"]
[Result "1-0"]
[WhiteElo "2090"]
[BlackElo "2318"]
[PlyCount "73"]
[EventDate "2015.07.03"]
[EventType "swiss"]
[EventRounds "9"]
[EventCountry "RUS"]
[SourceTitle "EXT 2017"]
[Source "ChessBase"]
[SourceDate "2016.10.25"]
[SourceVersion "1"]
[SourceVersionDate "2016.10.25"]
[SourceQuality "1"]

1. d4 Nf6 2. Nf3 e6 3. c4 d5 4. g3 Bb4+ 5. Bd2 Be7 6. Bg2 0-0 7. 0-0 b6 8. Ne5 Bb7 9. Nc3 Nbd7 10. Qa4 Nxe5 11. dxe5 Nd7 12. cxd5 Nc5 13. Qg4 exd5 14. Bh6 Ne6 15. Nxd5 Kh8 16. Nf4 gxh6 17. Nxe6 fxe6 18. Bxb7 Rb8 19. Bg2 Rf5 20. Rad1 Qe8 21. Qc4 Rxe5 22. Qxc7 Bf6 23. Rd7 Rc5 24. Qxa7 Ra5 25. Qc7 Rc5 26. Qf4 Qxd7 27. Qxb8+ Kg7 28. Qxb6 Rb5 29. Qe3 Rxb2 30. Bh3 Qd2 31. Qa7+ Kh8 32. Bxe6 Qd6 33. Qf7 Qd8 34. Rc1 Rb8 35. Rc7 Rb1+ 36. Kg2 Qa8+ 37. Bd5 1-0